| 000 | 01260cam a22003255a 4500 | ||
|---|---|---|---|
| 001 | 13161597 | ||
| 003 | OSt | ||
| 005 | 20150408113723.0 | ||
| 008 | 030414s2002 nyua 001 0 eng | ||
| 010 | _a 2003267057 | ||
| 020 | _a007222505X | ||
| 040 |
_aDLC _cDLC _dDLC |
||
| 050 | 0 | 0 |
_aQA76.76.O63 _bP523 2002 |
| 082 | 0 | 0 |
_a005.4/46 _222 |
| 100 | 1 |
_aPetersen, Richard, _d1949- _94733 |
|
| 245 | 1 | 0 |
_aLinux : _bthe complete reference / _cRichard Petersen. |
| 246 | 1 | 4 | _aComplete reference Linux |
| 250 | _a5th ed. | ||
| 260 |
_aNew York : _bMcGraw-Hill/Osborne, _cc2002. |
||
| 300 |
_axxxv, 911 p. : _bill. ; _c24 cm. + _e1 CD-ROM (4 3/4 in.) |
||
| 500 | _aIncludes index. | ||
| 630 | 0 | 0 |
_aLinux. _94734 |
| 650 | 0 |
_aOperating systems (Computers) _94005 |
|
| 856 | 4 | 2 |
_3Publisher description _uhttp://www.loc.gov/catdir/description/mh031/2003267057.html |
| 856 | 4 | 1 |
_3Table of contents _uhttp://www.loc.gov/catdir/toc/mh031/2003267057.html |
| 856 | 4 | 2 |
_3Contributor biographical information _uhttp://www.loc.gov/catdir/enhancements/fy0705/2003267057-b.html |
| 906 |
_a7 _bcbc _corigcop _d2 _encip _f20 _gy-gencatlg |
||
| 942 |
_2ddc _cBOOK |
||
| 999 |
_c775 _d235275 |
||